LIBRARY & INFORMATION CENTRE, KCAET, TAVANUR

ONLINE PUBLIC ACCESS CATALOGUE (OPAC)

Control system engineering / (Record no. 3033)

MARC details
000 -LEADER
fixed length control field 00411cam a2200169ua 4500
041 ## - LANGUAGE CODE
Language code of text/sound track or separate title eng
082 ## - DEWEY DECIMAL CLASSIFICATION NUMBER
Classification number 629.8
Item number HAW/CO
100 ## - MAIN ENTRY--AUTHOR NAME
Personal name Hawany, E .
245 ## - TITLE STATEMENT
Title Control system engineering /
260 ## - PUBLICATION, DISTRIBUTION, ETC. (IMPRINT)
Place of publication :
Name of publisher Reston Publishing Co.Inc. ,
Year of publication 1984.
300 ## - PHYSICAL DESCRIPTION
Number of Pages 593 ; .
942 ## - ADDED ENTRY ELEMENTS (KOHA)
Koha item type Books
Holdings
Withdrawn status Lost status Damaged status Home library Current library Date acquired Full call number Accession Number Koha item type
      KAUAET KAUAET 27/03/1987 629.8 16211 Books
free website counter